|
|
|
|
| LEADER |
01539cam a2200421 a 4500 |
| 001 |
nkc20142603727 |
| 003 |
CZ PrNK |
| 005 |
20140905104959.0 |
| 007 |
ta |
| 008 |
140529s2014 xr a a 000 1 cze d |
| 015 |
|
|
|a cnb002603727
|
| 020 |
|
|
|a 978-80-256-1387-0
|q (váz.)
|
| 035 |
|
|
|a (OCoLC)890261224
|
| 040 |
|
|
|a KMG001
|b cze
|d ULG001
|d ABA001
|
| 041 |
1 |
|
|a cze
|h eng
|
| 072 |
|
7 |
|a 631
|x Zemědělství. Pedologie. Agrotechnika. Agroekologie
|2 Konspekt
|9 24
|
| 072 |
|
7 |
|a 0/9-053.2
|x Literatura pro děti a mládež (naučná)
|2 Konspekt
|9 26
|
| 080 |
|
|
|a 631.115.1
|2 MRF
|
| 080 |
|
|
|a (0.053.2)
|2 MRF
|
| 100 |
1 |
|
|a Daynes, Katie
|7 kv2011648706
|4 aut
|
| 245 |
1 |
0 |
|a Kdopak se to schovává na farmě /
|c [napsala Katie Daynes ; úprava Helen Lee a Mary Cartwright ; ilustrace Simone Abel]
|
| 250 |
|
|
|a 1. české vyd.
|
| 260 |
|
|
|a Praha :
|b Svojtka & Co.,
|c 2014
|
| 300 |
|
|
|a 13 s. :
|b barev. il. ;
|c 23 cm
|
| 500 |
|
|
|a Přeloženo z angličtiny
|
| 500 |
|
|
|a Kartonové listy s vyklápěcími okénky a otočným kolečkem
|
| 521 |
8 |
|
|a Pro děti od 3 let
|
| 650 |
0 |
7 |
|a farmářství
|7 ph290669
|2 czenas
|
| 650 |
0 |
9 |
|a farming
|2 eczenas
|
| 655 |
|
7 |
|a publikace pro děti
|7 fd133156
|2 czenas
|
| 655 |
|
9 |
|a children's literature
|2 eczenas
|
| 700 |
1 |
|
|a Abel, Simone
|7 mzk2009521867
|4 ill
|
| 765 |
0 |
|
|t Look inside a farm
|9 Česky
|
| 910 |
2 |
|
|a BOA001
|b 2-1257.887
|
| 990 |
|
|
|a BK
|
| 995 |
|
|
|a 01
|
| 991 |
|
|
|b 201408
|c NOV
|e dn
|
| 996 |
6 |
|
|b 2610599808
|c 2-1257.887
|l MZK
|r Sklad / do 1 hodiny
|n 1
|p p.v.
|w 001443073
|u 000010
|a 1
|e BOA001
|j MZK50
|s P
|